| 000 | 00410nam a22001577a 4500 | ||
|---|---|---|---|
| 003 | macl | ||
| 005 | 20180725132643.0 | ||
| 008 | 180725b xxu||||| |||| 00| 0 eng d | ||
| 040 | _cmacl | ||
| 082 | _a900/RAY | ||
| 100 |
_aRay,Aniruddha _918848 |
||
| 245 | _aTowns and cities of medieval india A Brief survey | ||
| 260 |
_aDelhi _bManohar publishers _c2015 |
||
| 650 |
_aHistory _972803 |
||
| 942 |
_2ddc _cBK |
||
| 999 |
_c58260 _d58260 |
||